5HLuxD.jpg

KING HENRY VIII SENIOR AND PRIMARY SCHOOL LIBRARY OPAC

Hitler's willing executioners : (Record no. 2706)

000 -LEADER
fixed length control field 05676cam a2200373 a 4500
001 - CONTROL NUMBER
control field .b31049801
003 - CONTROL NUMBER IDENTIFIER
control field OCoLC
005 - DATE AND TIME OF LATEST TRANSACTION
control field 20230811112130.0
008 - FIXED-LENGTH DATA ELEMENTS--GENERAL INFORMATION
fixed length control field 970129s1997 nyuab b 001 0 eng c
010 ## - LIBRARY OF CONGRESS CONTROL NUMBER
Canceled/invalid LC control number 95038591
020 ## - INTERNATIONAL STANDARD BOOK NUMBER
International Standard Book Number 9780679772682 (pbk.)
035 ## - SYSTEM CONTROL NUMBER
System control number (OCoLC)36291453
Canceled/invalid control number (OCoLC)36288689
-- (OCoLC)732733905
040 ## - CATALOGING SOURCE
Original cataloging agency ZSN
Transcribing agency ZSN
Modifying agency BOS
-- CBC
-- BKL
-- VHB
-- BAKER
-- NLGGC
-- IXA
-- BTCTA
-- YDXCP
-- OTP
-- WS2
-- ZWZ
-- VOV
-- BDX
-- IQU
-- TXBXL
-- CNTCS
-- CEG
-- KH8
042 ## - AUTHENTICATION CODE
Authentication code nbic
082 0# - DEWEY DECIMAL CLASSIFICATION NUMBER
Classification number 940.531 GOL
100 1# - MAIN ENTRY--PERSONAL NAME
Personal name Goldhagen, Daniel Jonah.
Relator term author.
245 10 - TITLE STATEMENT
Title Hitler's willing executioners :
Remainder of title ordinary Germans and the Holocaust /
Statement of responsibility, etc. Daniel Jonah Goldhagen.
246 30 - VARYING FORM OF TITLE
Title proper/short title Ordinary Germans and the Holocaust.
250 ## - EDITION STATEMENT
Edition statement 1st Vintage Books ed.
260 ## - PUBLICATION, DISTRIBUTION, ETC.
Place of publication, distribution, etc. New York :
Name of publisher, distributor, etc. Vintage Books,
Date of publication, distribution, etc. 1997.
300 ## - PHYSICAL DESCRIPTION
Extent x, 634 pages :
Other physical details ill., maps ;
Dimensions 5.2 x 1.4 x 7.96 inches.
500 ## - GENERAL NOTE
General note "With a new afterword"--P. [4] of cover.
500 ## - GENERAL NOTE
General note Originally published in hardcover in slightly different form by Alfred A. Knopf, Inc., New York, in 1996.
500 ## - GENERAL NOTE
General note Includes Index
504 ## - BIBLIOGRAPHY, ETC. NOTE
Bibliography, etc. note Includes bibliographical references (p. [487]-613) and index.
505 0# - FORMATTED CONTENTS NOTE
Formatted contents note Introduction: Reconceiving central aspects of the Holocaust -- Understanding German antisemitism : the eliminationist mind-set: Recasting the view of antisemitism : a framework for analysis ; The evolution of eliminationist antisemitism in modern Germany ; Eliminationist antisemitism : the "common sense" of German society during the Nazi period -- The eliminationist program and institutions: The Nazis' assault on the Jews : Its character and evolution ; The agents and machinery of destruction -- Police battalions : ordinary Germans, willing killers: Police battalions : agents of genocide ; Police Battalion 101 : the men's deeds ; Police battalion 101 : assessing the men's motives ; Police battalions : lives, killings, and motives -- Jewish "work" in annihilation: The sources and pattern of Jewish "work" during the Nazi period ; Life in the "work" camps ; Work and death -- Death marches : to the final days: The deadly way ; Marching to what end? -- Eliminationist antisemitism, ordinary Germans, willing executioners: Explaining the perpetrators' actions : assessing the competing explanations ; Eliminationist antisemitism as genocidal motivation -- Epilogue: The Nazi German revolution -- Afterword to the Vintage edition -- Appendix 1: A note on method -- Appendix 2: Schematization of the dominant beliefs in Gernalm about Jews, the mentally ill, and Slavs -- Appendix 3: Foreword to the German edition -- Pseudonyms -- Abbreviations.
520 ## - SUMMARY, ETC.
Summary, etc. Daniel Jonah Goldhagen has revisited a question that history has come to treat as settled, and his researchers have led him to the inescapable conclusion that none of the established answers holds true. That question is: "How could the Holocaust happen?" His own response is a new exploration of those who carried out the Holocaust and of German society and its ingrained anti-semitism - and it demands a fundamental revision of our thinking about the years 1933-1945. Drawing principally on materials either unexplored or neglected by previous scholars, Goldhagen marshals new, disquieting, primary evidence - including extensive testimony from the actual perpetrators themselves - to show that many beliefs about the killers are fallacies: They were not primarily SS men or Nazi Party members, but perfectly ordinary Germans from all walks of life, men (and women) who brutalized and murdered Jews both willingly and zealously. And they did so, moreover, not because they were coerced (for, as he shows irrefutably, so many were informed by their own commanders that they could refuse to kill without fear of retribution)...not because they slavishly followed orders (a view seemingly supported by Stanley Milgram's famous Yale "obedience experiment")...not because of any tremendous social, psychological, or peer pressure to conform to the behaviour of their comrades (for no such evidence exists)...and not for any reasons associated with Hannah Arendt's disputed notion of the "banality of evil." They acted as they did because of a widespread, profound, unquestioned, and virulent antisemitism that led them to regard the Jews as a demonic enemy whose extermination was not only necessary but also just. Again and again, it is the killers' own words that give us a portrait, both shocking and immediate, of their world: the organization of their daily lives, how they did what they did, their reactions to it, even their recreations in the killings fields, which included everything from sports and entertainment to the hobby of taking snapshots of their deeds and victims - to be freely exchanged and collected among themselves - leaving a devastating record of self-indictment that the author reproduces here. All of Goldhagen's documentary evidence is set within a fresh analysis of the phenomenon of German antisemitism itself, which revises many conventional views. He shows that it was already deep-rooted and pervasive in German society before Hitler came to power, and that there was a widely shared view that the Jews ought to be eliminated in some way from German society. When Hitler, ultimately, chose mass extermination as the only "final solution," he was thus easily able to enlist vast numbers of Germans to carry it out.
586 ## - AWARDS NOTE
Awards note National Book Critics Circle Award for Nonfiction.
650 #0 - SUBJECT ADDED ENTRY--TOPICAL TERM
Topical term or geographic name entry element Holocaust, Jewish (1939-1945)
General subdivision Causes.
650 #0 - SUBJECT ADDED ENTRY--TOPICAL TERM
Topical term or geographic name entry element Antisemitism
Geographic subdivision Germany.
650 #0 - SUBJECT ADDED ENTRY--TOPICAL TERM
Topical term or geographic name entry element War criminals
Geographic subdivision Germany
General subdivision Psychology.
650 #0 - SUBJECT ADDED ENTRY--TOPICAL TERM
Topical term or geographic name entry element National socialism
General subdivision Moral and ethical aspects.
942 ## - ADDED ENTRY ELEMENTS (KOHA)
Source of classification or shelving scheme
Koha item type Teaching Resources
Holdings
Withdrawn status Lost status Source of classification or shelving scheme Damaged status Not for loan Collection code Permanent Location Current Location Shelving location Date acquired Full call number Barcode Date last seen Price effective from Koha item type
          Teaching Resources KH8 Senior School Library KH8 Senior School Library Staff Office 2023-08-11 940.531 GOL TRKHSL001952 2023-08-11 2023-08-11 Teaching Resources

Powered By KH8 IT Dept